000 00401nam a2200157Ia 4500
008 220216s9999 xx 000 0 und d
100 _aSood S K
245 0 _aPCR-based detection of Listeria monocytogenes in dairy foods
260 _bCurrent Science
_c1996
300 _a449-456
650 _aDairy foods
650 _aListeria monocytogenes
650 _aPCR
700 _aKaur J
942 _cJS
999 _c64657
_d64657